Quizzes
Events
Quiz Creation
Community
Videos
Private Events
Remove Ads
Sign In
Join for FREE
Feedback
Dark Mode
Quiz Categories
Sports
Geography
Music
Movies
Television
Just For Fun
Miscellaneous
History
Literature
Language
Science
Gaming
Entertainment
Religion
Holiday
For Kids
Quiz Lab
Recent
Popular Today
Quiz Kudos Today
Editor Picks
Curator Picks
Quizzes by...
Day
Popularity
Type
Ratings
Length
Year
Community
Subscriptions
Recent Discussions
Orange Saloon
Badges
Playlists
Quests
Create
Leaderboards
Showdown
Live 5
Trivia Bingo
Activity
Puzzle Library
Sporcle Events
Private Events
Virtual Trivia
Globe League
Become a Host
Pub Owners
SporcleCon
Opinionation
Our Games
Videos
Blog
Mobile Apps
Partnerships
Remove Ads and Go Orange
Feedback
Music
Pop Music
The Beatles
Song
Album
Lyrics
Bands
Singers
Artist
Clip
Rock
Rap
Classical
Billboard
Country Music
Kpop
Taylor Swift
Music
Pop Music
The Beatles
Song
Album
Lyrics
Bands
Singers
Artist
Clip
Rock
Rap
Classical
Billboard
Country Music
Kpop
Taylor Swift
Random Quiz
Search Sporcle
×
Quiz Lab
Quiz Lab
Music
Lyrics
Type in answers that appear in a list
Type in answers that appear in a list
Classic
Best Score? Go Orange.
'Don't Rain on My Parade' Stats
Can you name the lyrics to 'Don't Rain on My Parade'?
By
macncheez1211
6m
33 Questions
254 Plays
254 Plays
254 Plays
Comments
Comments
Give Quiz Kudos
Give Quiz Kudos
-
- Ratings
hide this ad
Replay
Link that replays current quiz
Next Quiz
Link to next quiz in quiz playlist
You Got
0%
They Got
Avg Score
71%
Avg Friend Score
Upgrade to see
Score Distribution
Jump to the score distribution portion of the page
Score
0/33
Timer
06:00
0
Plays Today
Lyrics...
...Lyrics
% Correct
Don't bring around a cloud
to rain on my parade
98.8%
Who told you you're allowed
to rain on my parade
98.8%
Don't bring around a cloud
to rain on my parade
98.8%
If someone takes a spill,
it's me and not you
93.7%
Life's candy and the sun's
a ball of butter
92.9%
Don't tell me not to live,
just sit and putter
90.6%
Don't tell me not to fly,
I've simply got to
87.4%
I'll march my band out,
I'll beat my drum
85.4%
Hey, Mister Arnstein,
here I am
78%
At least I didn't
fake it hat, sir
75.2%
At least I didn't
fake it hat, sir
75.2%
I simply gotta march,
my heart's a drummer
73.2%
One shot, one gun shot,
and bam
73.2%
I simply gotta march,
my heart's a drummer
73.2%
Only can die once,
right, sir
72.4%
Nobody, no, nobody, is gonna
rain on my parade
72%
I'm gonna live
and live now
71.3%
Lyrics...
...Lyrics
% Correct
Get what I want,
I know how
70.1%
I gotta fly once,
I gotta try once
68.5%
One throw, the bell
will go clang
66.5%
Eye on the target
and wham
65.7%
Or the freckle on the nose
of life's complexion
65%
Get ready for me,
love 'cause I'm a comer
64.2%
Get ready for me,
love 'cause I'm a comer
64.2%
I'm the rose
of sheer perfection
62.6%
I'm gonna have
my bite, sir
62.2%
One roll for the
whole she-bang
61%
And if I'm fanned out,
your turn at bat, sir
57.9%
And if I'm fanned out,
your turn at bat, sir
57.9%
I guess, I didn't
make it but whether
55.5%
The cinder or the shiny
apple of its eye
52.8%
Ooh life is juicy, juicy and
you'll see
52.4%
I'll march my band out,
I will beat my drum
7.9%
Quiz Playlist
Details
Report
Send in Message
Add To Playlist
Classic:
Type in answers that appear in a list
Quiz Source
Last Updated: Feb 16, 2017
Quiz Scoreboard
CHALLENGE
Sign Up to Join the Scoreboard
Show All
Scores
Hide
Comments
May contain spoilers
Recently Published
9x9 Crossword: Cartoon Network
by jackfrog10
Miscellaneous
3m
College Basketball Coaching Resumes
by pancakes188
Sports
9m
Billboard Blitz: Fleetwood Mac
by CooCooCachoo
Music
15s
More to Explore
Quiz From the Vault
Featured Blog Post
Where Did the Easter Bunny Come From?
hide this ad
You Might Also Like...
Tags
Lyrics Quiz
parade
rain
Today's Top Quizzes in Music
Browse Music
hide this ad
Today's Top Quizzes in Lyrics
Browse Lyrics
Top Contributed Quizzes in Music
1
Taylor Swift All Songs (2024)
2
Guess the Artist- 70s Songs
3
7-to-1: Billboard Hot 100 #1 Hits of 2010s
4
Sorting Albums and Songs
5
Taylor Swift Logic Puzzle
6
KPOP LOGIC QUIZ
7
Guess the Taylor Swift song (Mystery Song)
8
One Thing in Common: Music
9
2010s Album by Cover III
10
Guess The Taylor Swift Lyrics Song #1
Explore More
Trending Topics
Marvel
Harry Potter
NBA
Anime
Disney
Crossword
Kpop
Soccer
Song
Pokémon
WWE
The Office
Puzzle
NFL
Country
hide this ad
More By:
macncheez1211
Quiz
Plays
Rating
Category
Featured
Created
Twilight Saga: Eclipse Quotes
8,468
3.46
Literature
May 24, 2010
A-Z Biology Terms
1,326
3.00
Science
Nov 21, 2010
Popular Movies by Not-So-Popular Quote
881
4.00
Movies
Jul 25, 2010
Twilight Saga characters
753
3.00
Literature
Jul 2, 2010
'Don't Rain on My Parade'
254
3.00
Music
Jun 24, 2010
Go to Creator's Profile
Score Distribution
Quiz Creator Spotlight
macncheez1211
Follow
Send a Message
Quizzes Created
-
Created Quiz Play Count
-
More By This Creator
Popular Quizzes Today
1
Find the US States - No Outlines Minefield
2
Find the Countries of Europe - No Outlines Minefield
3
The Countries of the World
4
Find the US States
5
Risky Map Clicking: Biggest States A-Z
6
US States
7
Popular People in 1961
8
Movies - When Are They Set?
More Music Quizzes
One Word Songs by Definition 90s
Curator's Pick
Trending Quizzes
Risky Map Clicking: Least Populous States A-Z
1-10 Letter G Words
1-10 Letter F Words
Risky Map Clicking: Next State Alphabetically
Adjectives in 80s TV Shows
Recently Updated
Leaping Animals
pecheneg
Reality TV Shows (A-Z)
bhenderson79
Rickey Henderson's Hall of Fame Teammates
pecheneg
Champions League XIs: Arsenal
pecheneg
Quick Pick: Celebrities in WWE's Hall of Fame
aduchscher
A-Z Keypad Blitz II
pecheneg
Multiple Oscar Actors
pecheneg
Mystery Phrase Blitz: Oscar 'Best Actors'
pecheneg
F. Scott Fitzgerald Novels
LTH
Pick 3 Villains
ddd62291
Trending Topics
Disney
NBA
Anime
Marvel
Kpop
Crossword
Harry Potter
Pokémon
Soccer
WWE
The Office
Song
Puzzle
Country
NFL
Your Account Isn't Verified!
In order to create a playlist on Sporcle, you need to verify the email address you used during registration. Go to your
Sporcle Settings
to finish the process.
Report this User
Report this user for behavior that violates our
Community Guidelines
.
Details:
Send Report
Go to the Sporcle.com Mobile Site →
Comments